000 00659nam a2200205 i 4500
001 35908
003 ES-MaACL
005 20230906155236.0
007 t|
008 030214s1972 sp ||||1| spa d
100 1 _aBreitenstein, D. G.
_931562
245 1 0 _aProducción de vacuno de carne /
_c[D. G. Breintenstein ; director del equipo, A. Antón, K. Eisold ; traducción, Pablo Gredilla].
260 _aLeón :
_bAcademia,
_c[1972]
300 _a205 p. :
_bil. ;
_c23 cm.
650 4 _aGanado vacuno de carne.
_9165339
700 1 _aAntón, A.
_921931
700 1 _aEisold, K.
_946873
700 1 _aGredilla, Pablo.
_959823
852 _aES-MaACL
_jC-43349
999 _c35908
_d35908